[Event "28th Czech Open A 2017"]
[Site "Pardubice CZE"]
[Date "2017.07.23"]
[Round "3.50"]
[White "Frolov, Artur"]
[Black "Kukelko, Alexey"]
[Result "1/2-1/2"]
[WhiteTitle "IM"]
[WhiteElo "2410"]
[BlackElo "2173"]
[WhiteFideId "14100134"]
[BlackFideId "14153084"]
[EventDate "2017.07.21"]

1. e4 c5 2. Nf3 e6 3. d4 cxd4 4. Nxd4 a6 5. Bd3 Qc7 6. Nc3 Nf6 7. f4 d6 8. a4 b6
9. O-O Nbd7 10. Nb3 Be7 11. Qe2 Bb7 12. Kh1 O-O 13. Bd2 Rfe8 14. Rae1 e5 15. Rf3
exf4 16. Bxf4 Ng4 17. Rh3 Nge5 18. Nd5 Bxd5 19. exd5 Nxd3 20. Qxd3 Nf6 21. Rhe3
Bf8 22. Rxe8 Rxe8 23. Rxe8 Nxe8 24. h3 Nf6 25. Kh2 g6 26. c3 Qb7 27. c4 Nd7 28.
Nd4 Ne5 29. Bxe5 dxe5 30. Nc6 Bd6 31. Qg3 Qd7 32. Qh4 e4+ 33. Kh1 f5 34. Qf6 e3
35. Kg1 a5 36. Kf1 Bc5 37. Ke2 Qe8 38. Nd8 Qxa4 39. Qf7+ Kh8 40. Qf6+ Kg8 41.
Qf7+ 1/2-1/2

[Event "28th Czech Open A 2017"]
[Site "Pardubice CZE"]
[Date "2017.07.23"]
[Round "3.51"]
[White "Tomazini, Zan"]
[Black "Haring, Filip"]
[Result "1-0"]
[WhiteTitle "IM"]
[BlackTitle "FM"]
[WhiteElo "2405"]
[BlackElo "2278"]
[WhiteFideId "14608162"]
[BlackFideId "14933080"]
[EventDate "2017.07.21"]

1. e4 c5 2. Nf3 Nc6 3. d4 cxd4 4. Nxd4 e5 5. Nb5 d6 6. N1c3 a6 7. Na3 b5 8. Nd5
Nce7 9. Bg5 h6 10. Bxe7 Nxe7 11. c4 Nxd5 12. Qxd5 Be6 13. Qd2 Be7 14. Be2 O-O
15. O-O Bg5 16. Qd1 b4 17. Nc2 Qb6 18. b3 f5 19. exf5 Bxf5 20. Qd5+ Kh8 21. Bd3
Bxd3 22. Qxd3 Rf6 23. Rae1 Raf8 24. Re2 a5 25. Ne1 Rf4 26. Nf3 Be7 27. Qd5 R4f5
28. Rd1 Qa6 29. Qe6 Qb7 30. Qd5 Qa6 31. h3 Rf4 32. Qe6 Qb7 33. Nxe5 dxe5 34. Rd7
Qc8 35. Rxe7 Qd8 36. Qxe5 R4f6 37. Kh2 Qd1 38. Qg3 Rg8 39. Re8 Qd7 40. Rxg8+
Kxg8 41. Qe5 Qa7 42. Qd5+ Kh7 43. c5 Qc7+ 44. Qe5 Qxe5+ 45. Rxe5 Rxf2 46. c6 Rc2
47. Rxa5 Rxc6 48. Ra4 Rc2 49. Ra6 Rc3 50. h4 h5 51. Ra4 Rc2 52. Kg3 Kg6 53. Kf3
Kf5 54. Ra5+ Kg6 55. g3 Kh6 56. Ra4 Kg6 57. Rxb4 Rxa2 58. Rb6+ Kf5 59. Rb5+ Kg6
60. Rg5+ Kh6 61. b4 Ra3+ 62. Ke2 Rb3 63. b5 Rc3 64. Kd2 Rc4 65. Kd3 Rc1 66. Kd4
g6 67. Kd5 Kg7 68. b6 Kf6 69. b7 Rb1 70. Kc6 Rc1+ 71. Rc5 1-0

[Event "28th Czech Open A 2017"]
[Site "Pardubice CZE"]
[Date "2017.07.23"]
[Round "3.52"]
[White "Potapov, Alexander1"]
[Black "Kosmo, Santul"]
[Result "1-0"]
[WhiteTitle "GM"]
[WhiteElo "2402"]
[BlackElo "2168"]
[WhiteFideId "4115074"]
[BlackFideId "504173"]
[EventDate "2017.07.21"]

1. d4 Nf6 2. c4 c5 3. d5 e6 4. Nc3 exd5 5. cxd5 d6 6. e4 g6 7. h3 Bg7 8. Nf3 O-O
9. Bd3 b5 10. Nxb5 Re8 11. Nd2 Nxe4 12. Bxe4 Ba6 13. a4 Qa5 14. Qe2 Bxb5 15.
Qxb5 Rxe4+ 16. Kd1 Qxb5 17. axb5 Rb4 18. Re1 Nd7 19. Re7 Nb6 20. Raxa7 Rxa7 21.
Rxa7 Rxb5 22. Nc4 h5 23. Rb7 Rb4 24. Nxb6 Bxb2 25. Bd2 Re4 26. f3 Rh4 27. Nc8
Be5 28. Ne7+ Kg7 29. Nc6 Bf6 30. f4 1-0

[Event "28th Czech Open A 2017"]
[Site "Pardubice CZE"]
[Date "2017.07.23"]
[Round "3.53"]
[White "Friedland, Moshe"]
[Black "Piscopo, Pierluigi"]
[Result "0-1"]
[BlackTitle "IM"]
[WhiteElo "2289"]
[BlackElo "2396"]
[WhiteFideId "2812843"]
[BlackFideId "809152"]
[EventDate "2017.07.21"]

1. e4 c5 2. Nf3 e6 3. Nc3 a6 4. d4 cxd4 5. Nxd4 b5 6. Bd3 Qb6 7. Nf3 Nc6 8. O-O
Qb8 9. e5 f5 10. Re1 Bc5 11. Qe2 Nge7 12. Be3 Qb6 13. a4 Bxe3 14. axb5 Bh6 15.
bxc6 Nxc6 16. Nb5 O-O 17. c3 Rb8 18. Nd6 Qxb2 19. Nxc8 Qxe2 20. Bxe2 Rfxc8 21.
Bxa6 Rc7 22. g3 Ra7 23. Bc4 Rxa1 24. Rxa1 g5 25. Re1 g4 26. Nh4 Bd2 27. Rd1 Rb2
28. f4 Kf8 29. Kf1 Ke7 30. Ng2 Bxc3 31. Rd3 Bd4 0-1

[Event "28th Czech Open A 2017"]
[Site "Pardubice CZE"]
[Date "2017.07.23"]
[Round "3.54"]
[White "Pychova, Nela"]
[Black "Grekh, Andrey"]
[Result "0-1"]
[WhiteTitle "WFM"]
[BlackTitle "IM"]
[WhiteElo "2219"]
[BlackElo "2395"]
[WhiteFideId "351369"]
[BlackFideId "14112418"]
[EventDate "2017.07.21"]

1. d4 c5 2. e3 Nf6 3. c4 cxd4 4. exd4 d5 5. Nc3 Nc6 6. Be3 g6 7. Nf3 Bg7 8. Be2
O-O 9. O-O dxc4 10. Bxc4 Na5 11. Bd3 Be6 12. b3 Nc6 13. Rc1 Nd5 14. Na4 Bg4 15.
Be2 Nxe3 16. fxe3 Bh6 17. Rc3 Rc8 18. a3 Qd6 19. b4 b6 20. Qd3 Rfd8 21. Nb2 e5
22. b5 Bf5 23. e4 Nxd4 24. Nc4 Qc5 25. Kh1 Nxb5 26. Qc2 Nxc3 27. Qxc3 Be6 28.
Nfxe5 Bg7 29. Qg3 b5 0-1

[Event "28th Czech Open A 2017"]
[Site "Pardubice CZE"]
[Date "2017.07.23"]
[Round "3.55"]
[White "Rydl, Jiri"]
[Black "Bertram, Karsten"]
[Result "1-0"]
[WhiteTitle "FM"]
[WhiteElo "2395"]
[BlackElo "2021"]
[WhiteFideId "346390"]
[BlackFideId "4673042"]
[EventDate "2017.07.21"]

1. Nf3 d5 2. g3 Nc6 3. d4 Bg4 4. Bg2 Qd7 5. h3 Bf5 6. c3 Nf6 7. Nbd2 h5 8. b4 a6
9. Qb3 Ne4 10. Nh4 Bh7 11. Nxe4 dxe4 12. d5 Nd8 13. f3 exf3 14. Bxf3 Qd6 15. Kf2
e5 16. dxe6 Qxe6 17. Qxe6+ fxe6 18. Bxh5+ Kd7 19. Ng6 Bxg6 20. Bxg6 Nc6 21. Bg5
Bd6 22. Be4 Rae8 23. a4 b5 24. Kg2 Ne7 25. Rhd1 1-0

[Event "28th Czech Open A 2017"]
[Site "Pardubice CZE"]
[Date "2017.07.23"]
[Round "3.56"]
[White "Sazonova, Anastasia"]
[Black "Koop, Thorben"]
[Result "0-1"]
[WhiteTitle "WFM"]
[BlackTitle "IM"]
[WhiteElo "2186"]
[BlackElo "2389"]
[WhiteFideId "24131008"]
[BlackFideId "24661619"]
[EventDate "2017.07.21"]

1. d4 Nf6 2. Nf3 c5 3. d5 b5 4. Bg5 Qb6 5. g3 Bb7 6. Bxf6 Qxf6 7. Nc3 a6 8. Bg2
g6 9. O-O Bg7 10. e4 d6 11. Nd2 O-O 12. f4 Qd4+ 13. Kh1 c4 14. Qe2 Nd7 15. a3
Qc5 16. Nf3 a5 17. e5 Nb6 18. Ne4 Qc7 19. Nc3 b4 20. Nb5 Qc5 21. a4 Nxa4 22.
Nxd6 exd6 23. Rxa4 Bxd5 24. c3 dxe5 25. Nxe5 Rfe8 26. Qd2 Bxg2+ 27. Qxg2 Qb5 28.
Rfa1 Bxe5 29. fxe5 bxc3 30. bxc3 Qxe5 31. Rxc4 Qe1+ 32. Rxe1 Rxe1+ 33. Qg1 Rxg1+
34. Kxg1 a4 35. Rb4 a3 36. Rb1 a2 37. Ra1 Kf8 38. Kf2 Ke7 39. Ke3 Kd6 40. Kd4
Ra4+ 41. c4 Kc6 42. Kc3 Kc5 43. Kb3 Ra8 44. Kc3 f5 0-1

[Event "28th Czech Open A 2017"]
[Site "Pardubice CZE"]
[Date "2017.07.23"]
[Round "3.57"]
[White "Volotovsky, Kirill"]
[Black "Tomazini, Aljosa"]
[Result "1/2-1/2"]
[BlackTitle "FM"]
[WhiteElo "2136"]
[BlackElo "2387"]
[WhiteFideId "14151634"]
[BlackFideId "14608154"]
[EventDate "2017.07.21"]

1. e4 e5 2. f4 d5 3. exd5 exf4 4. Nf3 Nf6 5. Bb5+ c6 6. dxc6 Nxc6 7. d4 Bd6 8.
O-O O-O 9. Nbd2 Bg4 10. c3 Ne7 11. Bd3 Ng6 12. Qc2 Re8 13. Ne4 Nxe4 14. Bxe4 Qc7
15. Bd2 Rac8 16. Rae1 b5 17. Ng5 Re7 18. Bd5 Rf8 19. h3 Be2 20. Rf2 Bc4 21. Be4
f5 22. Bxf5 Rxe1+ 23. Bxe1 Qe7 24. Nf3 Nh4 25. Bxh7+ Kh8 26. Qe4 Nxf3+ 27. gxf3
Qd7 28. Bg6 Rf6 29. Bd2 Bxa2 30. Qe8+ Qxe8 31. Bxe8 a6 32. Re2 Bc4 33. Re1 Bd5
34. Bh5 a5 35. Ra1 a4 36. Kg2 Kh7 37. Be8 Bc4 38. Kf2 Rh6 39. Kg2 Kg8 40. Bd7
Kf7 41. Re1 Rh8 42. Re4 g5 43. Re1 Rd8 44. Bc6 Rh8 45. Rh1 Rh6 46. Be4 Ke6 47.
Re1 1/2-1/2

[Event "28th Czech Open A 2017"]
[Site "Pardubice CZE"]
[Date "2017.07.23"]
[Round "3.58"]
[White "Lushnikov, Evgeny"]
[Black "Kulon, Klaudia"]
[Result "1-0"]
[BlackTitle "WGM"]
[WhiteElo "2050"]
[BlackElo "2380"]
[WhiteFideId "24146269"]
[BlackFideId "1131044"]
[EventDate "2017.07.21"]

1. Nf3 Nf6 2. d4 g6 3. Bf4 Bg7 4. Nbd2 d6 5. e4 O-O 6. Bd3 c5 7. c3 e5 8. Bg5 h6
9. Bxf6 Bxf6 10. dxe5 dxe5 11. Nc4 Nc6 12. Ne3 Bg7 13. Bc4 Qa5 14. O-O b5 15.
Bd5 Bb7 16. a4 b4 17. Nc4 Qc7 18. Nd6 Ba6 19. Bc4 Qb6 20. a5 Nxa5 21. Bxa6 Qxa6
22. cxb4 cxb4 23. Qd5 Rad8 24. Rfd1 Rxd6 25. Qxd6 Qxd6 26. Rxd6 Nc4 27. Rda6
Nxb2 28. Rxa7 f5 29. Nd2 Bf6 30. Ra8 Bg5 31. Nf3 Bf6 32. Rxf8+ Kxf8 33. Rb1 Nd3
34. Rb3 Nc5 35. Rxb4 Nxe4 36. Rb5 Nd6 37. Rd5 Ke7 38. Nxe5 Ke6 39. Rxd6+ Kxd6
40. Nxg6 Bg5 41. h4 Bc1 42. g3 Ke6 43. h5 Kf6 44. f4 Bb2 45. Nh4 Bd4+ 46. Kg2
Bc5 47. Nf3 Bd6 48. Kf2 Bc5+ 49. Ke2 Bd6 50. Nd2 Bc5 51. Nc4 Bd4 52. Kf3 Ba7 53.
Ne5 Bd4 54. Nc4 Ba7 55. g4 Bc5 56. Nd2 Bb4 57. Nf1 Bc5 58. Ng3 fxg4+ 59. Kxg4
Ke6 60. Nf5 Bf8 61. Nd4+ Kd5 62. Nb5 Ke4 63. Nc7 Bd6 64. Ne6 Kd5 65. Kf5 Be7 66.
Ng7 Bd6 67. Ne8 Bb4 68. Kg6 Ke6 69. Nf6 Bd2 70. f5+ Ke7 71. Ng8+ Kf8 72. Nxh6
Bc1 73. Nf7 Kg8 74. h6 1-0

[Event "28th Czech Open A 2017"]
[Site "Pardubice CZE"]
[Date "2017.07.23"]
[Round "3.59"]
[White "Chigaev, Maksim"]
[Black "Chubar, Vladimir"]
[Result "1-0"]
[WhiteTitle "GM"]
[BlackTitle "IM"]
[WhiteElo "2578"]
[BlackElo "2010"]
[WhiteFideId "4108116"]
[BlackFideId "14101491"]
[EventDate "2017.07.21"]

1. Nf3 Nf6 2. g3 g6 3. b3 Bg7 4. Bb2 O-O 5. c4 d6 6. d4 c6 7. Bg2 Ne4 8. O-O Qa5
9. e3 Qh5 10. Nfd2 Qxd1 11. Rxd1 Nxd2 12. Nxd2 a5 13. a3 e5 14. Ne4 exd4 15.
Bxd4 Bxd4 16. Rxd4 Na6 17. Nxd6 Nc5 18. Rb1 a4 19. b4 Nb3 20. Rd3 Rd8 21. Rbd1
Bg4 22. Nxb7 Rdb8 23. f3 Be6 24. Rd8+ Rxd8 25. Rxd8+ Rxd8 26. Nxd8 Bxc4 27. Nxc6
Nd2 28. Nd4 Nb1 29. b5 Nxa3 30. b6 Ba6 31. f4 Nc4 32. Bf1 Nxb6 33. Bxa6 a3 34.
Nc2 a2 35. e4 f6 36. Kf2 Kg7 37. Ke2 g5 38. Kd3 Kh6 39. Bc4 Kh5 40. Bxa2 Kg4 41.
e5 gxf4 42. exf6 fxg3 43. hxg3 Kf5 44. f7 Nd7 45. Nd4+ Kf6 46. Ke3 h5 47. Ne6 h4
48. gxh4 Kxf7 49. Kf4 Kg6 50. Ng5 Nf6 51. Bf7+ Kh6 52. Kf5 Kg7 53. Bb3 Nh5 54.
Bd1 Ng3+ 55. Kf4 Nf1 56. Nf3 1-0

[Event "28th Czech Open A 2017"]
[Site "Pardubice CZE"]
[Date "2017.07.23"]
[Round "3.60"]
[White "Chovan, Milan"]
[Black "Deac, Bogdan-Daniel"]
[Result "1/2-1/2"]
[WhiteTitle "FM"]
[BlackTitle "GM"]
[WhiteElo "2269"]
[BlackElo "2579"]
[WhiteFideId "14933691"]
[BlackFideId "1226380"]
[EventDate "2017.07.21"]

1. d4 Nf6 2. c4 e6 3. Nc3 Bb4 4. Qc2 b6 5. a3 Bxc3+ 6. Qxc3 Bb7 7. Bg5 h6 8. Bh4
g5 9. Bg3 Ne4 10. Qc2 d6 11. f3 Nxg3 12. hxg3 Nd7 13. e3 f5 14. Bd3 Qf6 15. Ne2
O-O-O 16. O-O-O h5 17. Nc3 f4 18. gxf4 gxf4 19. Be4 Ba6 20. Qa4 Nb8 21. exf4
Qxf4+ 22. Kb1 Rdg8 23. Rc1 Rxg2 24. Rxh5 Rgg8 25. Rxh8 Rxh8 26. d5 e5 27. Na2
Qd2 28. Nb4 Kb7 29. Nxa6 Nxa6 30. Qc6+ Kb8 31. c5 Nxc5 32. Rxc5 bxc5 33. Qb5+
Ka8 34. Qc6+ 1/2-1/2

[Event "28th Czech Open A 2017"]
[Site "Pardubice CZE"]
[Date "2017.07.23"]
[Round "3.61"]
[White "Maslak, Konstantin"]
[Black "Strugnell, Carl"]
[Result "1-0"]
[WhiteTitle "GM"]
[BlackTitle "FM"]
[WhiteElo "2566"]
[BlackElo "2271"]
[WhiteFideId "4130901"]
[BlackFideId "616753"]
[EventDate "2017.07.21"]

1. e4 e5 2. Nf3 Nc6 3. Bb5 a6 4. Ba4 Nf6 5. d3 d6 6. c3 g6 7. O-O Bg7 8. d4 exd4
9. cxd4 O-O 10. Nc3 b5 11. Bc2 Bg4 12. Be3 Nh5 13. Ne2 Qd7 14. Ng3 Rae8 15. Rc1
Kh8 16. d5 Nb4 17. Bb1 Nxg3 18. hxg3 a5 19. a3 Na6 20. Bd4 f5 21. exf5 Bxf5 22.
Bxf5 Rxf5 23. Rc6 Nb8 24. Rc3 c5 25. dxc6 Nxc6 26. Bxg7+ Kxg7 27. Rxc6 Qxc6 28.
Nd4 Qc5 29. Nxf5+ gxf5 30. Qd2 Kg6 31. Qxa5 Re2 32. b4 Qe5 33. Qd8 Qe6 34. Kh2
Rd2 35. Kg1 Qe2 36. Qg8+ Kh6 37. Qf8+ Kg6 38. Qg8+ Kh6 39. Qf7 Qd3 40. Qf6+ Kh5
41. Kh2 Qd5 42. Rh1 Rd1 43. Rxd1 Qxd1 44. Qxf5+ Kh6 45. Qf6+ Kh5 46. f3 1-0

[Event "28th Czech Open A 2017"]
[Site "Pardubice CZE"]
[Date "2017.07.23"]
[Round "3.62"]
[White "Ewert, Hannes"]
[Black "Babula, Vlastimil"]
[Result "0-1"]
[WhiteTitle "FM"]
[BlackTitle "GM"]
[WhiteElo "2266"]
[BlackElo "2551"]
[WhiteFideId "12961574"]
[BlackFideId "301264"]
[EventDate "2017.07.21"]

1. d4 Nf6 2. Nf3 g6 3. c4 Bg7 4. Nc3 d5 5. g3 dxc4 6. Qa4+ Nfd7 7. Qxc4 O-O 8.
Bf4 Nc6 9. Rd1 Nb6 10. Qc5 Bg4 11. d5 Nd7 12. Qc4 Bxf3 13. exf3 Nd4 14. Be2 Nb6
15. Qc5 Nxe2 16. Kxe2 Qd7 17. Rhe1 Rfd8 18. Qxc7 Bxc3 19. Qxd7 Rxd7 20. bxc3
Nxd5 21. Kf1 Rad8 22. Rxd5 Rxd5 23. Rxe7 R5d7 24. Re4 Rc8 25. Be3 Rxc3 26. Bxa7
Ra3 27. Bd4 f5 28. Re3 Rxe3 0-1

[Event "28th Czech Open A 2017"]
[Site "Pardubice CZE"]
[Date "2017.07.23"]
[Round "3.63"]
[White "Hauchard, Arnaud"]
[Black "Kuegel, Tobias"]
[Result "1-0"]
[WhiteTitle "GM"]
[WhiteElo "2550"]
[BlackElo "2268"]
[WhiteFideId "600113"]
[BlackFideId "4636295"]
[EventDate "2017.07.21"]

1. Nf3 Nf6 2. g3 d5 3. Bg2 e6 4. O-O Be7 5. d3 O-O 6. Nbd2 b6 7. e4 dxe4 8. dxe4
Bb7 9. Qe2 c5 10. e5 Nfd7 11. Rd1 Qc7 12. Nc4 Nc6 13. Nd6 Ndxe5 14. Nxb7 Ng6 15.
h4 h5 16. Ng5 Qxb7 17. Nxe6 Qc8 18. Nxf8 1-0

[Event "28th Czech Open A 2017"]
[Site "Pardubice CZE"]
[Date "2017.07.23"]
[Round "3.64"]
[White "Krejci, Jan2"]
[Black "Urhegyi, Marton"]
[Result "1-0"]
[WhiteTitle "GM"]
[BlackTitle "FM"]
[WhiteElo "2519"]
[BlackElo "2267"]
[WhiteFideId "322156"]
[BlackFideId "740411"]
[EventDate "2017.07.21"]

1. c4 c6 2. Nf3 d5 3. e3 Nf6 4. Nc3 g6 5. d4 Bg7 6. Bd3 O-O 7. O-O Bg4 8. h3
Bxf3 9. Qxf3 e6 10. b4 dxc4 11. Bxc4 Nd5 12. Ne4 Nxb4 13. Rb1 Qe7 14. Nc5 b6 15.
Rxb4 bxc5 16. Rb3 Nd7 17. Ba3 e5 18. Qe4 Rfb8 19. f4 Qh4 20. Bxf7+ Kh8 21. Qxc6
exd4 22. Qxd7 dxe3 23. Qe6 Bd4 24. Bxc5 1-0

[Event "28th Czech Open A 2017"]
[Site "Pardubice CZE"]
[Date "2017.07.23"]
[Round "3.65"]
[White "Kozusek, Daniel"]
[Black "Kovalev, Andrei"]
[Result "0-1"]
[BlackTitle "GM"]
[WhiteElo "2265"]
[BlackElo "2517"]
[WhiteFideId "349500"]
[BlackFideId "13500023"]
[EventDate "2017.07.21"]

1. d4 Nf6 2. c4 g6 3. g3 Bg7 4. Bg2 O-O 5. Nc3 d6 6. Nf3 Nc6 7. O-O Bf5 8. b3 e5
9. d5 Ne7 10. Bb2 Bd7 11. e4 Ne8 12. Ne1 f5 13. exf5 gxf5 14. f4 exf4 15. gxf4
Ng6 16. Qd2 Qh4 17. Ne2 Bxb2 18. Qxb2 Nf6 19. Nf3 Qh6 20. Ng5 Ng4 21. h3 Ne3 22.
Rf2 Rae8 23. Kh1 Qh4 24. Nd4 Nxf4 25. Rg1 Nd3 0-1

[Event "28th Czech Open A 2017"]
[Site "Pardubice CZE"]
[Date "2017.07.23"]
[Round "3.66"]
[White "Vetoshko, Volodymyr"]
[Black "Montilli, Vincenzo"]
[Result "1-0"]
[WhiteTitle "GM"]
[WhiteElo "2505"]
[BlackElo "2266"]
[WhiteFideId "14122480"]
[BlackFideId "883913"]
[EventDate "2017.07.21"]

1. e4 c5 2. Nf3 Nc6 3. d4 cxd4 4. Nxd4 Nf6 5. Nc3 e5 6. Ndb5 d6 7. Bg5 a6 8. Na3
b5 9. Nd5 Be7 10. Bxf6 Bxf6 11. c3 O-O 12. Nc2 Rb8 13. h4 a5 14. Nce3 b4 15. Bc4
bxc3 16. bxc3 g6 17. Nxf6+ Qxf6 18. Nd5 Qd8 19. h5 Be6 20. Qd2 g5 21. O-O h6 22.
Ne3 Qc7 23. Rfd1 Rfd8 24. Bxe6 fxe6 25. a4 Ne7 26. Qa2 Kf7 27. Rd3 Rb6 28. Rad1
Rc6 29. Ng4 d5 30. Nxh6+ Kg7 31. Ng4 Rxc3 32. Qd2 Rxd3 33. Qxg5+ Kf7 34. Rxd3
dxe4 35. Qf6+ Ke8 36. Qh8+ 1-0

[Event "28th Czech Open A 2017"]
[Site "Pardubice CZE"]
[Date "2017.07.23"]
[Round "3.67"]
[White "Smid, Miroslav"]
[Black "Sychev, Klementy"]
[Result "0-1"]
[BlackTitle "IM"]
[WhiteElo "2260"]
[BlackElo "2494"]
[WhiteFideId "318906"]
[BlackFideId "4114060"]
[EventDate "2017.07.21"]

1. c4 g6 2. g3 c5 3. Bg2 Bg7 4. e3 Nc6 5. Ne2 e5 6. Nbc3 Nge7 7. O-O O-O 8. b3
d6 9. Bb2 Bg4 10. d3 Qd7 11. Qd2 Bh3 12. Rad1 Bxg2 13. Kxg2 d5 14. e4 dxe4 15.
dxe4 Nd4 16. Nd5 f5 17. f3 Nec6 18. exf5 gxf5 19. Rde1 Rae8 20. Nec3 Qf7 21. Qg5
Re6 22. Bc1 Kh8 23. Qh4 Rg6 24. Rf2 f4 25. g4 Rh6 26. Qg5 Rg8 27. Bxf4 Ne6 0-1

[Event "28th Czech Open A 2017"]
[Site "Pardubice CZE"]
[Date "2017.07.23"]
[Round "3.68"]
[White "Teske, Henrik"]
[Black "Shailesh, Dravid"]
[Result "1/2-1/2"]
[WhiteTitle "GM"]
[WhiteElo "2486"]
[BlackElo "2260"]
[WhiteFideId "4611500"]
[BlackFideId "25017969"]
[EventDate "2017.07.21"]

1. d4 Nf6 2. c4 e6 3. Nf3 Bb4+ 4. Bd2 Qe7 5. g3 Nc6 6. Bg2 Bxd2+ 7. Nbxd2 d6 8.
e4 e5 9. d5 Nb8 10. O-O O-O 11. b4 a5 12. a3 Na6 13. Ne1 Bg4 14. f3 Bd7 15. Nd3
axb4 16. axb4 c6 17. dxc6 bxc6 18. Ra5 Nc7 19. Qa4 Rfb8 20. Rc1 Rxa5 21. Qxa5
Nfe8 22. Qa1 Qg5 23. f4 exf4 24. gxf4 Qh5 25. Re1 Ra8 26. Qb2 Bh3 27. Bf3 Bg4
28. Bg2 Bh3 29. Bf3 Bg4 1/2-1/2

[Event "28th Czech Open A 2017"]
[Site "Pardubice CZE"]
[Date "2017.07.23"]
[Round "3.69"]
[White "Poulopoulos, Ioannis"]
[Black "Bilguun, Sumiya"]
[Result "1/2-1/2"]
[BlackTitle "IM"]
[WhiteElo "2252"]
[BlackElo "2460"]
[WhiteFideId "4218078"]
[BlackFideId "4901541"]
[EventDate "2017.07.21"]

1. d4 d5 2. c4 e6 3. g3 Nf6 4. Bg2 dxc4 5. Nf3 Bb4+ 6. Bd2 a5 7. Qc2 b5 8. a4 c6
9. axb5 Bxd2+ 10. Nfxd2 Nd5 11. Qxc4 cxb5 12. Qxb5+ Bd7 13. Qb3 Bc6 14. O-O O-O
15. Nc3 Nb4 16. Bxc6 N8xc6 17. e3 Rb8 18. Nce4 e5 19. dxe5 Nxe5 20. Qc3 Re8 21.
Rfd1 Ned3 22. Nc5 Nxc5 23. Qxc5 Nd3 24. Qxa5 Nxb2 25. Rdb1 Qf6 26. Kg2 Qc6+ 27.
Nf3 Nc4 28. Rxb8 Nxa5 29. Rxe8+ Qxe8 30. Rxa5 Qc6 31. h4 g6 32. e4 Qxe4 33. Re5
Qb7 34. Re3 Kg7 35. Kg1 Qd5 36. Kh2 h6 37. Kg2 Kf6 38. Kh2 Kf5 39. Kg2 Kf6 40.
Kh2 Kg7 41. Kg2 f6 42. Kh2 Kf7 43. Kg1 Qd1+ 44. Kg2 Qd5 45. Kg1 f5 46. Kg2 Kf6
47. Kh2 Qc4 48. Ng1 Qf1 49. Re2 f4 50. Ra2 Ke6 51. gxf4 Kf5 52. Nh3 Qd3 53. Ra1
Qf3 54. Rg1 Qh5 55. Rg3 Qxh4 56. Kg2 Qd8 57. Kh2 Qc7 58. Kg2 Qc6+ 59. Kg1 Qc1+ 1/2-1/2

[Event "28th Czech Open A 2017"]
[Site "Pardubice CZE"]
[Date "2017.07.23"]
[Round "3.70"]
[White "Nasuta, Grzegorz"]
[Black "Slovak, Kilian"]
[Result "1-0"]
[WhiteTitle "IM"]
[WhiteElo "2455"]
[BlackElo "2254"]
[WhiteFideId "1141686"]
[BlackFideId "365440"]
[EventDate "2017.07.21"]

1. e4 c5 2. Nf3 Nc6 3. d4 cxd4 4. Nxd4 Nf6 5. Nc3 e5 6. Ndb5 d6 7. Bg5 a6 8. Na3
b5 9. Bxf6 gxf6 10. Nd5 f5 11. g3 fxe4 12. Bg2 Be6 13. Bxe4 Bg7 14. Qh5 Rc8 15.
c3 Ne7 16. Rd1 Rc5 17. Nb4 Qb6 18. Qg5 Kf8 19. Qe3 f5 20. Bg2 d5 21. Nxd5 Qc6
22. Nxe7 Qxg2 23. Ng6+ hxg6 24. Qxc5+ Kf7 25. Rf1 Rc8 26. Qa7+ Kf6 27. Rd2 Qxh2
28. Rd6 Bf8 29. Rxe6+ Kxe6 30. Qxa6+ Kd7 31. Qb7+ Rc7 32. Qd5+ 1-0

[Event "28th Czech Open A 2017"]
[Site "Pardubice CZE"]
[Date "2017.07.23"]
[Round "3.71"]
[White "Carlsson, Pontus"]
[Black "Barrish, Daniel"]
[Result "1/2-1/2"]
[WhiteTitle "GM"]
[BlackTitle "FM"]
[WhiteElo "2453"]
[BlackElo "2249"]
[WhiteFideId "1705814"]
[BlackFideId "14304600"]
[EventDate "2017.07.21"]

1. e4 c5 2. Nf3 e6 3. b3 a6 4. Bb2 d6 5. d4 cxd4 6. Nxd4 Nf6 7. Bd3 e5 8. Nf3 b5
9. Qe2 Be7 10. c4 bxc4 11. Bxc4 O-O 12. O-O Bb7 13. Nc3 Nbd7 14. Rfd1 Qb6 15.
Nd2 Nc5 16. Rac1 Rfd8 17. Ba3 Qa5 18. Bxc5 dxc5 19. Nf3 Rxd1+ 20. Qxd1 Qc7 21.
Qe2 h6 22. Rd1 a5 23. Nd5 Nxd5 24. Bxd5 Rd8 25. Bxb7 Rxd1+ 26. Qxd1 Qxb7 27. Qd3
Qb4 28. g3 Bf6 29. a4 g5 30. h3 Kg7 31. Kg2 Kg6 32. g4 Kg7 33. Kf1 Qa3 34. Kg2
Qb4 35. Qd5 Qc3 36. Nd2 Qc2 37. Nf1 Qc3 38. Ne3 Kg6 39. Qd6 Qd4 40. Nd5 Qxe4+
41. Kg3 Qd3+ 42. f3 Qd4 43. Ne7+ Kh7 44. Qxd4 exd4 45. Nc6 d3 46. Kf2 Bc3 47.
Ke3 d2 48. Ke2 h5 49. Ne7 hxg4 50. fxg4 Bb4 51. Nd5 Kg6 52. Kd1 Kg7 53. Nxb4
cxb4 54. Kxd2 Kf6 55. Kd3 Ke5 56. Kc4 Ke4 57. Kb5 Kd3 58. Kxa5 Kc3 59. Kb6 Kxb3
60. a5 Kc4 61. a6 b3 62. a7 b2 63. a8=Q b1=Q+ 64. Kc7 Qg6 65. Qc6+ Qxc6+ 66.
Kxc6 Kd4 67. Kd6 Ke4 68. Ke7 f5 69. gxf5 Kxf5 70. Kf7 g4 71. hxg4+ 1/2-1/2

[Event "28th Czech Open A 2017"]
[Site "Pardubice CZE"]
[Date "2017.07.23"]
[Round "3.72"]
[White "Glek, Igor"]
[Black "Dowgird, Filip"]
[Result "1/2-1/2"]
[WhiteTitle "GM"]
[WhiteElo "2430"]
[BlackElo "2242"]
[WhiteFideId "4100484"]
[BlackFideId "1121235"]
[EventDate "2017.07.21"]

1. e4 e6 2. d4 d5 3. Nc3 Nc6 4. e5 f6 5. Bb5 Bd7 6. Nf3 a6 7. Bxc6 Bxc6 8. O-O
Qd7 9. Re1 Ne7 10. Qe2 Kf7 11. Nh4 Ng6 12. Qh5 Be7 13. exf6 Bxf6 14. Nf3 Kg8 15.
Bd2 Qd6 16. Re2 Be8 17. Qh3 Bd7 18. Rae1 h6 19. Qg3 Qxg3 20. hxg3 b6 21. Bf4 Rc8
22. Ne5 Nxe5 23. Bxe5 c5 24. Rd2 Kf7 25. Re3 Rhd8 26. Ne2 Rc6 27. c3 a5 28. Rf3
Ke7 29. Nf4 Be8 30. Re3 c4 31. Rde2 Bf7 32. g4 b5 33. a3 b4 34. axb4 axb4 35.
cxb4 g5 36. Bxf6+ Kxf6 37. Nh3 Rb8 38. f4 gxf4 39. Rf3 Rxb4 40. Rxf4+ Ke7 41. g5
hxg5 42. Nxg5 Bg6 43. Nf3 c3 44. bxc3 Rxc3 45. Ne5 Rb1+ 46. Kf2 Be4 47. Ra2 Rc2+
48. Rxc2 Bxc2 49. g4 Rb3 50. Rf7+ Ke8 51. Rc7 Be4 52. g5 Bf5 53. Rc8+ Ke7 54.
Rg8 Rh3 55. g6 Kf6 56. Rf8+ Kg7 57. Rf7+ Kg8 58. Ra7 Rh4 59. Ra8+ Kg7 60. Ra7+
Kg8 1/2-1/2